000 00837cam a2200277 4500
999 _c7702
_d7702
001 7702
003 BD-JhCC
005 20181006174524.0
008 710513s1971 mauac 000 0 eng
020 _a039511070X
035 _a(BD-JhCC)7702
040 _aDLC
_cDLC
_dDLC
_dBD-JhCC
041 _aeng
050 0 0 _aQH545.P4
_bH4
082 0 0 _a632/.95/042
_bHEN 1971
100 1 _aHenkin, Harmon.
245 1 4 _aThe environment, the establishment, and the law /
_c[by] Harmon Henkin, Martin Merta, and James Staples.
260 _aBoston,
_bHoughton Mifflin
_c[1971]
300 _avii, 223 p.
_billus., ports.
_c24 cm.
650 0 _aPesticides
_xEnvironmental aspects.
650 0 _aDDT (Insecticide).
700 1 _aMerta, Martin,
700 1 _aStaples, James M.,
942 _2ddc
_cBK